00419nam a22000977a 4500008004100000082001800041245019100059260003700250300001000287710002400297230612b xxu||||| |||| 00| 0 eng d a352.4905bKEN aThe Report of The Controller and Auditor-General together with The Appropriation Accounts Other Public Accounts and the Accounts of the Funds for the Year 2006/2007cGovernment of Kenya aKenyabGovernment of Kenyac2007 a665 p bGovernment of Kenya